000 01895nam a2200457 c 4500
001 51832
003 ES-MaCES
005 20250526142702.0
007 cr |||||||||||
008 210607s2020 sp 000 | spa d
017 _aNA 1985-2020
_bDL
020 _a9788413459684
020 _a97884134599707 (electrónico)
040 _aES-MaCES
_bspa
_cES-MaCES
100 1 _aHierro Hierro, Francisco Javier
_914820
245 1 0 _aPasajes de la Comisión de Seguimiento y Evaluación de los Acuerdos del Pacto de Toledo (2016-2020)
_b: unas recomendaciones que han tardado en llegar
_cFrancisco Javier Hierro Hierro
250 _a1ª ed
260 _aCizur Menor (Navarra)
_bAranzadi-Thomson Reuters
_c2020
300 _a357 p.
_c24 cm
490 1 _aAranzadi Derecho administrativo
500 _aPublicación en formato DÚO (papel + libro ectrónico). Disponible en formato electrónico mediante la aplicación PROVIEW
500 _aAnexo: Recomendaciones (1995, 2003, 2011 y 2020): p. 245-359
504 _aBibliografía: p. 243-244
541 _cCompra
610 2 7 _939987
_aComisión de Seguimiento y Evaluación de los Acuerdos del Pacto de Toledo
650 4 _arégimen de pensión
_927042
650 4 _alegislación de seguridad social
_929855
650 4 _areforma de la seguridad social
_930668
650 4 _aEspaña
_926964
650 4 _acomisión consultiva
_929196
650 4 _aparlamento
_927198
650 4 _apráctica parlamentaria
_929060
650 4 _arepertorio de recomendaciones prácticas
_929261
650 4 _a2016-2020
_939981
650 7 _aevaluación del impacto
_930732
653 1 0 _aAdministración-Instituciones públicas
830 0 _aMonografías Aranzadi
_pDerecho administrativo
_933161
856 4 _uhttps://legalteca.aranzadilaley.es/my-library?sponsor=82111144-IP
_yLegalteca
902 _aLIB Libro
942 _2CES
_cBK
_h6.3.
999 _c51832
_d51832